|
|
|
|
| LEADER |
00000cam a22000004a 4500 |
| 001 |
musev2_25540 |
| 003 |
MdBmJHUP |
| 005 |
20230905042722.0 |
| 006 |
m o d |
| 007 |
cr||||||||nn|n |
| 008 |
100427s1982 cau o 00 0 eng d |
| 020 |
|
|
|a 9780520907010
|
| 020 |
|
|
|z 9780520046627
|
| 035 |
|
|
|a (OCoLC)741346345
|
| 040 |
|
|
|a MdBmJHUP
|c MdBmJHUP
|
| 100 |
1 |
|
|a Caldern de la Barca, Frances.
|
| 245 |
1 |
0 |
|a Life in Mexico /
|c Frances Caldern de la Barca.
|
| 264 |
|
1 |
|a Berkeley :
|b University of California Press,
|c 1982.
|
| 264 |
|
3 |
|a Baltimore, Md. :
|b Project MUSE,
|c 2014
|
| 264 |
|
4 |
|c ©1982.
|
| 300 |
|
|
|a 1 online resource (550 pages):
|b map, mus
|
| 336 |
|
|
|a text
|b txt
|2 rdacontent
|
| 337 |
|
|
|a computer
|b c
|2 rdamedia
|
| 338 |
|
|
|a online resource
|b cr
|2 rdacarrier
|
| 505 |
0 |
|
|a Table of Contents; Preface; Glossary; A; B; C; D; F; G; H; I; J; L; M; N; O; P; R; S; T; V; Introduction; Letters 18: October to December, 1839; Letters 823: January to June, 1840; Letters 2330: July to December, 1840; Letters 3041: January to June, 1841; Letters 4151: July to December, 1841; Letters 5254: January to April, 1842.
|
| 520 |
|
|
|a Originally published in 1843, Fanny Calderon de la Barca, gives her spirited account of living in Mexico-from her travels with her husband through Mexico as the Spanish diplomat to the daily struggles with finding good help-Fanny gives the reader an enlivened picture of the life and times of a country still struggling with independence.
|
| 588 |
|
|
|a Description based on print version record.
|
| 651 |
|
7 |
|a Mexico.
|2 fast
|0 (OCoLC)fst01211700
|
| 651 |
|
0 |
|a Mexico
|y 19th century
|x Social life and customs.
|
| 650 |
|
7 |
|a Manners and customs.
|2 fast
|0 (OCoLC)fst01007815
|
| 650 |
|
7 |
|a SOCIAL SCIENCE
|x Anthropology
|x Cultural.
|2 bisacsh
|
| 650 |
|
7 |
|a HISTORY
|z Latin America
|z Mexico.
|2 bisacsh
|
| 655 |
|
7 |
|a Electronic books.
|2 local
|
| 710 |
2 |
|
|a Project Muse.
|e distributor
|
| 830 |
|
0 |
|a Book collections on Project MUSE.
|
| 856 |
4 |
0 |
|z Texto completo
|u https://projectmuse.uam.elogim.com/book/25540/
|
| 945 |
|
|
|a Project MUSE - Custom Collection
|
| 945 |
|
|
|a Project MUSE - Archive Complete Supplement II
|
| 945 |
|
|
|a Project MUSE - Archive Global Cultural Studies Supplement II
|
| 945 |
|
|
|a Project MUSE - Archive Latin American and Caribbean Studies Supplement
|